000 00661nam a2200169 a 4500
001 000043298
005 20201002040811.0
008 140304s2012 dr 000 0 spa d
040 _aDO-SdBNP
_bspa
_cBNPHU
100 1 _aDespradel Cabral, Alberto Emilio
_970937
245 1 4 _aLas dos últimas décadas de las relaciones Dominico Haitianas 1990-2011 /
_cAlberto Emilio Despradel Cabral.
260 _aSanto Domingo, :
_bUNICARIBE,
_c2012
_fSomos Artes Gráficas
300 _a77 p. ;
_c24 cm.
490 1 _aCuadernos Diplomáticos
_v8
710 1 2 _aUniversidad del Caribe
_bEscuela de Relaciones Internacionales
_970929
830 0 _aCuadernos Diplomáticos
_n8
_970938
999 _c42787
_d42787